"Правда" против "вала". Актуальные проблемы радикальной экономической реформы: [сб. материалов, опубл. в газ. "Правда"]

Dades bibliogràfiques
Altres autors: Гончаров В. И. (составитель)
Idioma:rus
Publicat: Москва, Правда, 1989
Matèries:
Format: MixedMaterials Llibre
KOHA link:https://koha.lib.tpu.ru/cgi-bin/koha/opac-detail.pl?biblionumber=220232

MARC

LEADER 00000nam0a2200000 4500
001 220232
005 20231031195345.0
020 |a RU  |b 89-68153 
035 |a (RuTPU)RU\TPU\book\240352 
090 |a 220232 
100 |a 20120820d1989 k y0rusy5003 ca 
101 0 |a rus 
102 |a RU 
105 |a y z 000zy 
200 1 |a "Правда" против "вала". Актуальные проблемы радикальной экономической реформы  |e [сб. материалов, опубл. в газ. "Правда"]  |f сост. В. И. Гончаров 
210 |a Москва  |c Правда  |d 1989 
215 |a 399 с.  |d 20 см 
610 1 |a экономика 
610 1 |a СССР 
610 1 |a перестройка 
610 1 |a социально-экономическая жизнь 
610 1 |a сборники 
610 1 |a газеты 
686 |a У9(2)0-961  |2 rubbk 
702 1 |a Гончаров  |b В. И.  |4 220 
801 0 |a RU  |b RuMRKP  |c 19950417  |g psbo 
801 1 |a RU  |b 63413507  |c 20120820 
801 2 |a RU  |b 63413507  |c 20120830  |g RCR 
942 |c BK